000 00318nam a2200133Ia 4500
005 20260328104303.0
008 260328s9999||||xx |||||||||||||| ||und||
100 _aPlumb, J.H.
245 4 _aThe Italian Renaissance /
_cJ.H. Plumb
260 _bHoughton Mifflin
300 _a318 p.
650 _aITALIA
942 _cBK
999 _c10648
_d10648